000 00771nam a2200289Ia 4500
008 160303s9999 xx 000 0 und d
020 _a971-08-6877-2
050 _aFIL BJ 66
050 _b.A33 2010
100 _aAgapay, Ramon B.
245 _aEthics and the Filipino :
245 _ba manual on morals for students and educators /
245 _cRamon B. Agapay.
250 _a2nd Edition
260 _aMandaluyong:
260 _bNational Book Store,
260 _c2010
300 _a279 pages :
300 _billustrations ;
300 _c22 cm.
500 _aIncludes bibliographical references.
650 _a Moral education --
650 _aEthics.
650 _aFilipino values.
650 _aSocial values.
650 _xPhilippines.
999 _c291186
_d291186